[Event "1st FIDE OWCCCC Pools-East 2021"]
[Site "Online"]
[Date "2021.02.20"]
[Round "5.32"]
[White "Maiorov, Alexey"]
[Black "Ortega Torres, Silvia"]
[Result "1-0"]
[WhiteElo "1414"]
[BlackElo "902"]
[Annotator "NA"]
[PlyCount "51"]
[EventDate "2021.02.19"]
[EventType "team-tourn"]
[EventCountry "NET"]
[SourceTitle "playchess.com"]
[Source "ChessBase"]
[SourceQuality "1"]

1. e4 e5 2. Bc4 Nf6 3. Nf3 Bc5 4. Bxf7+ Kf8 5. Nxe5 Bxf2+ 6. Kxf2 Qe7 7. d4 Nc6 8. Bg5 Nxe4+ 9. Kg1 Nxg5 10. Bg6 Nxe5 11. dxe5 Qxe5 12. Bd3 Qxb2 13. Nd2 Qd4+ 14. Kf1 d6 15. h4 Qf6+ 16. Kg1 Ne6 17. Rh3 Nf4 18. Rf3 Qd4+ 19. Kh2 Bg4 20. Qf1 Bxf3 21. Nxf3 g6 22. Nxd4 Re8 23. Qxf4+ Kg7 24. h5 Ref8 25. Ne6+ Kg8 26. Qxf8# 1-0

[Event "1st FIDE OWCCCC Pools-East 2021"]
[Site "Online"]
[Date "2021.02.20"]
[Round "5.32"]
[White "NikitinaAnna"]
[Black "Nikolaeva, Daria S."]
[Result "0-1"]
[WhiteElo "392"]
[BlackElo "1199"]
[Annotator "NA"]
[PlyCount "108"]
[EventDate "2021.02.19"]
[EventType "team-tourn"]
[EventCountry "NET"]
[SourceTitle "playchess.com"]
[Source "ChessBase"]
[SourceQuality "1"]

1. e4 c5 2. Nf3 Nc6 3. Nc3 d6 4. Bc4 Nf6 5. O-O g6 6. d3 Bg7 7. h3 O-O 8. Bg5 a6 9. Nd5 Nxd5 10. Bxd5 Nb4 11. c3 Nxd5 12. exd5 h6 13. Bf4 b5 14. Rb1 Kh7 15. Re1 Bb7 16. d4 c4 17. b3 Bxd5 18. bxc4 Bxc4 19. Qd2 e6 20. a3 g5 21. Be3 Rb8 22. Qc2+ f5 23. Nd2 Re8 24. f4 Bf6 25. fxg5 hxg5 26. Nxc4 bxc4 27. Rxb8 Qxb8 28. Qe2 f4 29. Bd2 d5 30. Qh5+ Kg7 31. Re2 Qb1+ 32. Kh2 Qg6 33. Qg4 Kf7 34. a4 Qf5 35. Qh5+ Qg6 36. Qg4 a5 37. Bc1 Qd3 38. Bb2 Qf5 39. Qh5+ Qg6 40. Qg4 Qh6 41. Ba3 Be7 42. Bxe7 Rxe7 43. Re5 Qh4 44. Qf3 Qh6 45. Qg4 Qh4 46. Qxg5 Qxg5 47. Rxg5 Rb7 48. Re5 Rb3 49. Re3 fxe3 50. h4 Rxc3 51. h5 e2 52. h6 e1=Q 53. h7 Qh4+ 54. Kg1 Rc1# 0-1

[Event "1st FIDE OWCCCC Pools-East 2021"]
[Site "Online"]
[Date "2021.02.20"]
[Round "5.33"]
[White "Fischer, Johannes"]
[Black "Anuja, Bombatkar"]
[Result "1-0"]
[WhiteElo "2264"]
[BlackElo "1870"]
[Annotator "TA"]
[PlyCount "97"]
[EventDate "2021.02.19"]
[EventType "team-tourn"]
[EventCountry "NET"]
[SourceTitle "playchess.com"]
[Source "ChessBase"]
[SourceQuality "1"]

1. e4 e6 2. d3 d5 3. Nd2 c5 4. Ngf3 Nc6 5. g3 Nf6 6. Bg2 dxe4 7. dxe4 Be7 8. O-O O-O 9. e5 Nd5 10. Re1 Qc7 11. c3 b6 12. Qe2 Bb7 13. h4 Rad8 14. h5 h6 15. Qe4 Na5 16. Qg4 Kh8 17. Nh4 Bxh4 18. Qxh4 Qe7 19. Qg4 Qg5 20. Qxg5 hxg5 21. Ne4 g4 22. h6 f5 23. Nd6 Ba6 24. hxg7+ Kxg7 25. Bg5 Rd7 26. Rad1 Nc4 27. Bxd5 exd5 28. Nxc4 Bxc4 29. b3 Bb5 30. e6 Rb7 31. e7 Rh8 32. Re6 Re8 33. Rxd5 Rd7 34. c4 Rxd5 35. cxd5 Bd7 36. Rd6 Bb5 37. Rd8 Kf7 38. a4 Bd3 39. d6 Bc2 40. d7 Rxe7 41. Rf8+ Kxf8 42. d8=Q+ Re8 43. Qf6+ Kg8 44. Qg6+ Kf8 45. Bh6+ Ke7 46. Bg5+ Kf8 47. Qf6+ Kg8 48. Be3 Rf8 49. Qg6+ 1-0

[Event "1st FIDE OWCCCC Pools-East 2021"]
[Site "Online"]
[Date "2021.02.20"]
[Round "5.33"]
[White "Nemec, Petr"]
[Black "Bryushinin, Aleksander"]
[Result "0-1"]
[WhiteElo "2101"]
[BlackElo "1900"]
[Annotator "NA"]
[PlyCount "70"]
[EventDate "2021.02.19"]
[EventType "team-tourn"]
[EventCountry "NET"]
[SourceTitle "playchess.com"]
[Source "ChessBase"]
[SourceQuality "1"]

1. e4 c5 2. d4 cxd4 3. c3 d3 4. Bxd3 Qc7 5. Nf3 e6 6. Qe2 d6 7. Bf4 e5 8. Be3 Nf6 9. Nbd2 Nc6 10. O-O Be7 11. h3 O-O 12. Bc4 h6 13. Rfd1 b6 14. Qd3 Na5 15. Bd5 Nxd5 16. exd5 f5 17. Rac1 f4 18. Ne4 fxe3 19. Qxe3 Bf5 20. b3 b5 21. Ng3 Bg6 22. Qe2 a6 23. c4 bxc4 24. bxc4 Nb7 25. Ne4 Nc5 26. Nxc5 Qxc5 27. Nd2 Bh4 28. Nf3 Bh5 29. g4 Rxf3 30. Qxf3 Rf8 31. Qxf8+ Kxf8 32. gxh5 Qxf2+ 33. Kh1 Qf3+ 34. Kg1 Bf2+ 35. Kh2 Qg3+ 0-1

[Event "1st FIDE OWCCCC Pools-East 2021"]
[Site "Online"]
[Date "2021.02.20"]
[Round "5.33"]
[White "B K, Kumara keshav"]
[Black "Deshpande Jaywant"]
[Result "1-0"]
[WhiteElo "1991"]
[BlackElo "1271"]
[Annotator "NA"]
[PlyCount "51"]
[EventDate "2021.02.19"]
[EventType "team-tourn"]
[EventCountry "NET"]
[SourceTitle "playchess.com"]
[Source "ChessBase"]
[SourceQuality "1"]

1. c4 f5 2. g3 Nf6 3. Bg2 g6 4. Nc3 e6 5. d3 Bg7 6. e4 d6 7. Nge2 e5 8. O-O O-O 9. exf5 Bxf5 10. d4 e4 11. Bg5 Qe8 12. Qd2 Nc6 13. Rae1 Nb4 14. Nf4 Qc6 15. a3 Nd3 16. Nxd3 exd3 17. Bxc6 bxc6 18. Re7 Ng4 19. h3 Nxf2 20. Rxf2 Bxd4 21. Be3 Be5 22. g4 Bc8 23. Rxf8+ Kxf8 24. Rxh7 Ba6 25. Qf2+ Kg8 26. Qf7# 1-0

[Event "1st FIDE OWCCCC Pools-East 2021"]
[Site "Online"]
[Date "2021.02.20"]
[Round "5.33"]
[White "Kota, Ananth"]
[Black "Zunino, Davide"]
[Result "0-1"]
[WhiteElo "1721"]
[BlackElo "1999"]
[Annotator "NA"]
[PlyCount "128"]
[EventDate "2021.02.19"]
[EventType "team-tourn"]
[EventCountry "NET"]
[SourceTitle "playchess.com"]
[Source "ChessBase"]
[SourceQuality "1"]

1. e4 g6 2. Nf3 Bg7 3. Bc4 d6 4. Nc3 e6 5. O-O Ne7 6. Bb3 a6 7. d4 b6 8. d5 e5 9. Be3 O-O 10. Qd2 f5 11. Bh6 f4 12. Bxg7 Kxg7 13. Ng5 h6 14. Ne6+ Bxe6 15. dxe6 Nbc6 16. Bd5 Rb8 17. a3 Nd4 18. Ne2 Nxe2+ 19. Qxe2 f3 20. gxf3 Rf4 21. Kh1 Qf8 22. Rad1 Rxf3 23. Rd3 Rf4 24. f3 g5 25. Rg1 Ng6 26. Rg4 Qf6 27. h3 Rf8 28. Rxf4 Nxf4 29. Qf1 Nxd3 30. Qxd3 Re8 31. Qc3 Re7 32. Qe3 a5 33. a4 Qf4 34. Qxf4 exf4 35. Kg2 Kf6 36. c3 c6 37. Bb3 Rb7 38. Bc4 b5 39. axb5 cxb5 40. Bd5 Rb6 41. h4 b4 42. hxg5+ hxg5 43. c4 a4 44. Kh3 a3 45. bxa3 bxa3 46. c5 dxc5 47. Ba2 Rxe6 48. Kg4 Rb6 49. e5+ Kxe5 50. Kxg5 Rb2 51. Bc4 a2 52. Bxa2 Rxa2 53. Kg6 Rf2 54. Kf7 Rxf3 55. Ke7 Rd3 56. Kf7 f3 57. Kg6 f2 58. Kg5 Rg3+ 59. Kh4 Rg1 60. Kh5 Kf5 61. Kh4 Rg8 62. Kh3 Kf4 63. Kh2 Kf3 64. Kh1 Rh8# 0-1

[Event "1st FIDE OWCCCC Pools-East 2021"]
[Site "Online"]
[Date "2021.02.20"]
[Round "5.33"]
[White "Szulc, Marek"]
[Black "Vladimir_"]
[Result "0-1"]
[WhiteElo "1606"]
[BlackElo "2553"]
[Annotator "TA"]
[PlyCount "94"]
[EventDate "2021.02.19"]
[EventType "team-tourn"]
[EventCountry "NET"]
[SourceTitle "playchess.com"]
[Source "ChessBase"]
[SourceQuality "1"]

1. e4 d6 2. f4 Nf6 3. Nc3 g6 4. Nf3 Bg7 5. Bc4 O-O 6. O-O Nxe4 7. Nxe4 d5 8. Bxd5 Qxd5 9. Nc3 Qd8 10. Kh1 c5 11. Ne4 b6 12. Ne5 Bb7 13. d3 Nc6 14. Nxc6 Bxc6 15. Qe2 Qd7 16. Rb1 Rfe8 17. Qf2 Bxe4 18. dxe4 Qe6 19. Qf3 Qxa2 20. Be3 e6 21. f5 exf5 22. exf5 Qc4 23. Rbd1 gxf5 24. Rd7 Qe6 25. Rd3 c4 26. Ra3 Bxb2 27. Bc1 Bxc1 28. Qg3+ Qg6 29. Rxc1 Qxg3 30. hxg3 b5 31. Ra5 a6 32. Rf1 Re2 33. Rxf5 Rxc2 34. Ra1 b4 35. Raf1 b3 36. Rxf7 b2 37. Rb7 Rc1 38. Kg1 Rxf1+ 39. Kxf1 c3 40. Ke2 c2 41. Rxb2 c1=Q 42. Rd2 Re8+ 43. Kd3 Rd8+ 44. Ke4 Qxd2 45. Kf5 Qd4 46. Kg5 Rd5+ 47. Kh6 Qf6# 0-1

[Event "1st FIDE OWCCCC Pools-East 2021"]
[Site "Online"]
[Date "2021.02.20"]
[Round "5.34"]
[White "Isakov, Andrey"]
[Black "Hlavsa, Petr"]
[Result "0-1"]
[WhiteElo "2183"]
[BlackElo "2164"]
[Annotator "NA"]
[PlyCount "88"]
[EventDate "2021.02.19"]
[EventType "team-tourn"]
[EventCountry "NET"]
[SourceTitle "playchess.com"]
[Source "ChessBase"]
[SourceQuality "1"]

1. e4 d5 2. exd5 Nf6 3. Nc3 Nxd5 4. Nge2 e5 5. g3 Bg4 6. Bg2 Nxc3 7. bxc3 c6 8. O-O Be7 9. h3 Bh5 10. g4 Bg6 11. Ng3 Nd7 12. d3 Qa5 13. Bd2 O-O 14. c4 Qc7 15. Bc3 Bh4 16. Qe2 Rfe8 17. Ne4 Be7 18. Qe3 b5 19. c5 Bxe4 20. Qxe4 Bxc5 21. Qxc6 Rac8 22. Qxc7 Rxc7 23. Ba5 Nb6 24. c3 Ba3 25. Rab1 Rc5 26. d4 exd4 27. cxd4 Rg5 28. Bxb6 axb6 29. Bc6 Rd8 30. Rfe1 h5 31. f3 hxg4 32. hxg4 Rxd4 33. Re8+ Kh7 34. Bxb5 f5 35. Kf2 Bc5 36. Rh1+ Kg6 37. gxf5+ Rxf5 38. Rg1+ Rg4+ 39. Ke2 Rxg1 40. Bd3 Rg2+ 41. Kd1 Kf7 42. Ra8 Rxf3 43. Bc4+ Kf6 44. Rf8+ Bxf8 0-1

[Event "1st FIDE OWCCCC Pools-East 2021"]
[Site "Online"]
[Date "2021.02.20"]
[Round "5.34"]
[White "Van Splunter, Niels"]
[Black "Shrivastava Aditi"]
[Result "1-0"]
[WhiteElo "2069"]
[BlackElo "1449"]
[Annotator "TA"]
[PlyCount "77"]
[EventDate "2021.02.19"]
[EventType "team-tourn"]
[EventCountry "NET"]
[SourceTitle "playchess.com"]
[Source "ChessBase"]
[SourceQuality "1"]

1. e4 e5 2. Nf3 Nc6 3. g3 Nf6 4. d3 Bc5 5. Bg2 d6 6. h3 h6 7. O-O Be6 8. c3 d5 9. exd5 Nxd5 10. Re1 Qf6 11. b4 Bd6 12. b5 Nce7 13. Bb2 Ng6 14. d4 exd4 15. c4 Nc3 16. Qxd4 Qxd4 17. Nxd4 Nxb1 18. Bxb7 O-O 19. Bxa8 Rxa8 20. Nxe6 Nd2 21. Nxg7 Nxc4 22. Bc3 Nce5 23. Kg2 Rb8 24. a4 Kxg7 25. f4 f6 26. fxe5 fxe5 27. Re4 Kh7 28. Rf1 Rg8 29. Rf7+ Kh8 30. Rg4 Nf4+ 31. Rgxf4 Rxg3+ 32. Kxg3 Kg8 33. R4f6 e4+ 34. Kf2 Bc5+ 35. Ke2 Bd6 36. Rd7 h5 37. Rh6 Be5 38. Bxe5 c6 39. Rh8# 1-0

[Event "1st FIDE OWCCCC Pools-East 2021"]
[Site "Online"]
[Date "2021.02.20"]
[Round "5.34"]
[White "Zakharov, German"]
[Black "Kamac, Katarzyna"]
[Result "1-0"]
[WhiteElo "1845"]
[BlackElo "1355"]
[Annotator "NA RC"]
[PlyCount "101"]
[EventDate "2021.02.19"]
[EventType "team-tourn"]
[EventCountry "NET"]
[SourceTitle "playchess.com"]
[Source "ChessBase"]
[SourceQuality "1"]

1. d4 d6 2. g3 g6 3. Bg2 Nf6 4. e4 Bg7 5. Ne2 O-O 6. O-O c5 7. c3 cxd4 8. cxd4 Bg4 9. h3 Bxe2 10. Qxe2 Nbd7 11. Nc3 e5 12. Be3 exd4 13. Bxd4 Ne5 14. Rfd1 Qa5 15. Qb5 Qxb5 16. Nxb5 Rfd8 17. Bxa7 Nc4 18. Bd4 d5 19. exd5 Ra5 20. a4 h5 21. b3 Nd6 22. Bb6 Rxb5 23. axb5 Rc8 24. Rac1 Rxc1 25. Rxc1 Nd7 26. Be3 Nxb5 27. Rc8+ Kh7 28. Rd8 Ne5 29. Rb8 f5 30. Rxb7 Nd6 31. Rxg7+ Kxg7 32. Bd4 Kf6 33. f4 Ke7 34. Bxe5 Ne4 35. Bxe4 fxe4 36. Kf2 g5 37. fxg5 Kf7 38. Ke3 Kg6 39. d6 Kf5 40. d7 Kxe5 41. d8=Q h4 42. Qd4+ Kf5 43. Qxe4+ Kxg5 44. Qxh4+ Kg6 45. Qf4 Kg7 46. Qf5 Kh6 47. Qg4 Kh7 48. Kf4 Kh8 49. Kf5 Kh7 50. Kf6 Kh8 51. Qg7# 1-0

[Event "1st FIDE OWCCCC Pools-East 2021"]
[Site "Online"]
[Date "2021.02.20"]
[Round "5.34"]
[White "Gennaro, Isabella"]
[Black "Nitnaware, Maheswata"]
[Result "1-0"]
[WhiteElo "1801"]
[BlackElo "761"]
[Annotator "NA RC"]
[PlyCount "29"]
[EventDate "2021.02.19"]
[EventType "team-tourn"]
[EventCountry "NET"]
[SourceTitle "playchess.com"]
[Source "ChessBase"]
[SourceQuality "1"]

1. e4 e5 2. Nf3 Nf6 3. Nc3 Nc6 4. Bb5 a6 5. Ba4 Bb4 6. O-O O-O 7. d3 Ng4 8. h3 Nh6 9. Bxc6 bxc6 10. Nxe5 Qe8 11. Bxh6 gxh6 12. Ng4 Kg7 13. Qf3 h5 14. Qf6+ Kg8 15. Nh6# 1-0

[Event "1st FIDE OWCCCC Pools-East 2021"]
[Site "Online"]
[Date "2021.02.20"]
[Round "5.34"]
[White "Rudresh G Naik"]
[Black "Rahal, Michael A"]
[Result "1-0"]
[WhiteElo "1425"]
[BlackElo "2333"]
[Annotator "RC"]
[PlyCount "101"]
[EventDate "2021.02.19"]
[EventType "team-tourn"]
[EventCountry "NET"]
[SourceTitle "playchess.com"]
[Source "ChessBase"]
[SourceQuality "1"]

1. d4 e6 2. c4 b6 3. Nc3 Bb4 4. Bd2 Bb7 5. e3 Nf6 6. Nf3 O-O 7. Bd3 c5 8. O-O cxd4 9. exd4 d5 10. cxd5 Nxd5 11. Rc1 Be7 12. Re1 Nd7 13. Bb1 Rc8 14. a3 N7f6 15. h3 Qd6 16. Qe2 Rfd8 17. Rcd1 Nf4 18. Bxf4 Qxf4 19. Ne4 Rc7 20. b4 g6 21. Neg5 Bd5 22. Qe5 Bd6 23. Qxf4 Bxf4 24. Ne4 Kg7 25. Re2 Bb3 26. Rde1 Nd5 27. Rb2 Bc4 28. g3 Bh6 29. Ne5 f5 30. Nd2 Ba6 31. b5 Bb7 32. a4 Nc3 33. Nec4 Rxd4 34. Rxe6 Kf7 35. Re1 Rdxc4 36. Nxc4 Rxc4 37. Rc2 Bg7 38. Ba2 Nxa2 39. Rxc4 Be4 40. Rc7+ Kf8 41. Rd1 Bf6 42. Rxh7 Nc3 43. Rdd7 Kg8 44. Rhf7 Bd4 45. Rxa7 Bc5 46. Rfd7 Ne2+ 47. Kf1 Nd4 48. Rd8+ Bf8 49. Rxd4 Bc5 50. Rd8+ Bf8 51. Rc7 1-0

[Event "1st FIDE OWCCCC Pools-East 2021"]
[Site "Online"]
[Date "2021.02.20"]
[Round "5.35"]
[White "Majumdar, Ankush"]
[Black "De Kleuver, Esther"]
[Result "0-1"]
[WhiteElo "2037"]
[BlackElo "2049"]
[Annotator "TA"]
[PlyCount "50"]
[EventDate "2021.02.19"]
[EventType "team-tourn"]
[EventCountry "NET"]
[SourceTitle "playchess.com"]
[Source "ChessBase"]
[SourceQuality "1"]

1. d4 Nf6 2. Nf3 e6 3. Bf4 d5 4. e3 Be7 5. Bd3 O-O 6. Ne5 Nbd7 7. Nd2 c5 8. c3 Nxe5 9. dxe5 Nd7 10. h4 f6 11. Qh5 f5 12. g4 g6 13. Qh6 Rf7 14. gxf5 Bf8 15. Qg5 Qxg5 16. Bxg5 gxf5 17. Nf3 Bg7 18. Bf4 b6 19. Rg1 Kh8 20. Ke2 Bb7 21. h5 Bf8 22. h6 Be7 23. Rg3 Rd8 24. Rag1 Nb8 25. Ng5 Bxg5 0-1

[Event "1st FIDE OWCCCC Pools-East 2021"]
[Site "Online"]
[Date "2021.02.20"]
[Round "5.35"]
[White "DieZeit-MalteTurski"]
[Black "Vadhani, Nikitesh"]
[Result "1/2-1/2"]
[WhiteElo "1633"]
[BlackElo "1616"]
[Annotator "NA RC"]
[PlyCount "119"]
[EventDate "2021.02.19"]
[EventType "team-tourn"]
[EventCountry "NET"]
[SourceTitle "playchess.com"]
[Source "ChessBase"]
[SourceQuality "1"]

1. e4 c5 2. Nf3 Nc6 3. d4 cxd4 4. Nxd4 e5 5. Nf3 h6 6. Bc4 Nf6 7. Nc3 Bc5 8. O-O O-O 9. h3 d6 10. Re1 Rb8 11. Nd5 Nxd5 12. Bxd5 Ne7 13. Bb3 Be6 14. c3 Bxb3 15. Qxb3 d5 16. exd5 e4 17. Rxe4 Qxd5 18. Qxd5 Nxd5 19. Nd4 Nf6 20. Re1 Bxd4 21. cxd4 Rbd8 22. Be3 Nd5 23. Rac1 Nxe3 24. fxe3 Rd7 25. Kf2 g5 26. Rc3 f5 27. Kg1 f4 28. exf4 Rxf4 29. Rd1 Rdxd4 30. Rxd4 Rxd4 31. Rc8+ Kg7 32. Rc7+ Kg6 33. Rxb7 Rd2 34. Rxa7 Rxb2 35. a4 Kh5 36. Kh2 Ra2 37. a5 g4 38. hxg4+ Kxg4 39. a6 Ra4 40. Ra8 Kh4 41. a7 Ra2 42. Rh8 Rxa7 43. Rxh6+ Kg5 44. Rb6 Kg4 45. Rb4+ Kh5 46. g3 Kg5 47. Rb5+ Kg4 48. Rb4+ Kg5 49. Kh3 Rh7+ 50. Kg2 Rf7 51. Rb5+ Rf5 52. Rb8 Kg6 53. g4 Rg5 54. Kg3 Rc5 55. Kh4 Rc6 56. Rg8+ Kh7 57. Rb8 Rg6 58. g5 Re6 59. Kh5 Rh6+ 60. gxh6 1/2-1/2

[Event "1st FIDE OWCCCC Pools-East 2021"]
[Site "Online"]
[Date "2021.02.20"]
[Round "5.35"]
[White "Raghava Madhavan"]
[Black "Baroni, Alessandro"]
[Result "1-0"]
[WhiteElo "1546"]
[BlackElo "1984"]
[Annotator "NA"]
[PlyCount "55"]
[EventDate "2021.02.19"]
[EventType "team-tourn"]
[EventCountry "NET"]
[SourceTitle "playchess.com"]
[Source "ChessBase"]
[SourceQuality "1"]

1. e4 e5 2. f4 d6 3. Nf3 Nc6 4. Bc4 Bg4 5. O-O Nf6 6. Nc3 Be7 7. h3 Bxf3 8. Qxf3 O-O 9. fxe5 Nxe5 10. Qe2 Nxc4 11. Qxc4 a6 12. d4 b5 13. Qe2 d5 14. e5 Ne4 15. Nxe4 dxe4 16. Qxe4 Rc8 17. Be3 Qd7 18. Rad1 f6 19. e6 Qd6 20. d5 f5 21. Qf3 f4 22. Bxf4 Qc5+ 23. Qe3 Qxc2 24. Qg3 Rf6 25. Rc1 Qxb2 26. Be5 Bd6 27. Bxd6 Qd2 28. Be5 1-0

[Event "1st FIDE OWCCCC Pools-East 2021"]
[Site "Online"]
[Date "2021.02.20"]
[Round "5.35"]
[White "Dixit, Vanishree"]
[Black "Biswajeet Pradhan"]
[Result "0-1"]
[WhiteElo "1318"]
[BlackElo "1099"]
[Annotator "NA"]
[PlyCount "60"]
[EventDate "2021.02.19"]
[EventType "team-tourn"]
[EventCountry "NET"]
[SourceTitle "playchess.com"]
[Source "ChessBase"]
[SourceQuality "1"]

1. e4 e6 2. Nf3 c5 3. Nc3 Nc6 4. Bc4 a6 5. a3 Nf6 6. d3 d5 7. exd5 exd5 8. Ba2 Be7 9. h3 O-O 10. O-O h6 11. b4 cxb4 12. axb4 Bxb4 13. Ne2 Bd6 14. d4 Bf5 15. c4 dxc4 16. Bxc4 Rc8 17. Bd3 Qd7 18. Nh4 Bxh3 19. gxh3 Qxh3 20. Ng3 Qxh4 21. Qf3 Nxd4 22. Qg2 Rc3 23. Ra3 Bxa3 24. Bxa3 Rxa3 25. Rd1 Re8 26. Bb1 Nf3+ 27. Kf1 Ng4 28. Be4 Ngh2+ 29. Ke2 Rxe4+ 30. Nxe4 Qxe4# 0-1

[Event "1st FIDE OWCCCC Pools-East 2021"]
[Site "Online"]
[Date "2021.02.20"]
[Round "5.35"]
[White "Cerulik, Lukas"]
[Black "Teterikov, Andrey"]
[Result "0-1"]
[WhiteElo "1269"]
[BlackElo "2029"]
[Annotator "NA"]
[PlyCount "68"]
[EventDate "2021.02.19"]
[EventType "team-tourn"]
[EventCountry "NET"]
[SourceTitle "playchess.com"]
[Source "ChessBase"]
[SourceQuality "1"]

1. d4 Nf6 2. Bf4 d6 3. e3 g6 4. Nc3 Bg7 5. Nf3 O-O 6. e4 c6 7. e5 dxe5 8. dxe5 Nd5 9. Nxd5 cxd5 10. h4 Bg4 11. Be2 Nc6 12. c3 e6 13. Qb3 Bxf3 14. Bxf3 Nxe5 15. Bxe5 Bxe5 16. Qxb7 Rb8 17. Qxa7 Rxb2 18. Qe3 Qf6 19. O-O Bxc3 20. g3 d4 21. Qe4 Rfb8 22. Rfd1 Qf5 23. Qxf5 gxf5 24. Kf1 Rc2 25. Rdc1 Rbb2 26. Rxc2 Rxc2 27. Bd1 Rxf2+ 28. Kxf2 Bxa1 29. Ke2 Kg7 30. Kf3 Kf6 31. a4 Bc3 32. g4 fxg4+ 33. Kxg4 Bd2 34. Kh5 Ke5 0-1

[Event "1st FIDE OWCCCC Pools-East 2021"]
[Site "Online"]
[Date "2021.02.20"]
[Round "5.35"]
[White "Ozga, Patrycja"]
[Black "Akhundov, Timur"]
[Result "1-0"]
[WhiteElo "1264"]
[BlackElo "1197"]
[Annotator "NA RC"]
[PlyCount "75"]
[EventDate "2021.02.19"]
[EventType "team-tourn"]
[EventCountry "NET"]
[SourceTitle "playchess.com"]
[Source "ChessBase"]
[SourceQuality "1"]

1. e4 e5 2. Nf3 Nf6 3. Nc3 Bb4 4. d3 d5 5. Bd2 d4 6. Ne2 Bxd2+ 7. Nxd2 O-O 8. Ng3 Nc6 9. a3 Ne7 10. Be2 Ng6 11. O-O Nf4 12. Nc4 Nxe2+ 13. Qxe2 Qe7 14. h3 b5 15. Nd2 c5 16. b3 Ba6 17. Nf5 Qe6 18. Nf3 h6 19. Nh2 c4 20. b4 cxd3 21. cxd3 Rac8 22. Rfc1 Rc3 23. Ng4 Nxg4 24. Qxg4 Qf6 25. Qg3 Bc8 26. Rxc3 dxc3 27. Ne3 Be6 28. Rc1 Rc8 29. Ng4 Qg5 30. Ne3 Qxg3 31. fxg3 Bb3 32. Kf2 Kf8 33. g4 g6 34. Ke2 Ke7 35. Nc2 Kf6 36. Ke3 Kg5 37. Ne1 f6 38. Nf3# 1-0

[Event "1st FIDE OWCCCC Pools-East 2021"]
[Site "Online"]
[Date "2021.02.20"]
[Round "5.36"]
[White "Hennink, Wouter"]
[Black "Pappu, Ramani"]
[Result "1/2-1/2"]
[WhiteElo "1965"]
[BlackElo "2193"]
[Annotator "TA"]
[PlyCount "95"]
[EventDate "2021.02.19"]
[EventType "team-tourn"]
[EventCountry "NET"]
[SourceTitle "playchess.com"]
[Source "ChessBase"]
[SourceQuality "1"]

1. e4 e5 2. f4 exf4 3. Nf3 Nf6 4. e5 Nh5 5. Be2 Be7 6. O-O g6 7. d4 O-O 8. Nc3 c6 9. Nd2 Ng7 10. Nde4 d5 11. exd6 Bxd6 12. Nxd6 Qxd6 13. Bxf4 Qd8 14. Be5 Nd7 15. Bd6 Re8 16. Bc4 Ne6 17. Qf3 f5 18. Rae1 Nb6 19. Bxe6+ Rxe6 20. Be5 Nc4 21. Qf4 Qe7 22. Kh1 Bd7 23. b3 Nxe5 24. dxe5 Re8 25. Qc4 b5 26. Qd4 c5 27. Qd2 Bc6 28. Nd5 Bxd5 29. Qxd5 Rd8 30. Qf3 Rxe5 31. Rxe5 Qxe5 32. g4 Qd5 33. gxf5 gxf5 34. Qxd5+ Rxd5 35. Rf2 Kf7 36. Kg2 Kf6 37. Kf3 Re5 38. Rd2 Ke6 39. Rd8 Rd5 40. Re8+ Kf6 41. Rf8+ Ke6 42. Re8+ Kf6 43. Rf8+ Ke6 44. Ke2 Re5+ 45. Kf2 Rd5 46. Ke2 Re5+ 47. Kf2 Rd5 48. Ke2 1/2-1/2

[Event "1st FIDE OWCCCC Pools-East 2021"]
[Site "Online"]
[Date "2021.02.20"]
[Round "5.36"]
[White "Goncharova, Kamilla"]
[Black "Stefanik, Marcin"]
[Result "0-1"]
[WhiteElo "1518"]
[BlackElo "2091"]
[Annotator "TA"]
[PlyCount "124"]
[EventDate "2021.02.19"]
[EventType "team-tourn"]
[EventCountry "NET"]
[SourceTitle "playchess.com"]
[Source "ChessBase"]
[SourceQuality "1"]

1. e4 d5 2. e5 e6 3. Nf3 b6 4. Bb5+ c6 5. Ba4 Bb7 6. c3 Ne7 7. d4 h6 8. O-O Qc7 9. b4 Nd7 10. b5 c5 11. Bc2 g6 12. a4 Bg7 13. Bd2 a6 14. bxa6 Bxa6 15. Re1 O-O 16. Na3 cxd4 17. cxd4 Rfc8 18. Bb4 Qd8 19. Rc1 Nc6 20. Bd6 Na5 21. Nb5 Bxb5 22. axb5 Nc4 23. Rb1 Nxd6 24. exd6 Nf6 25. Ne5 Qxd6 26. Nc6 h5 27. Ra1 Ng4 28. g3 Kh8 29. f3 Nf6 30. Kg2 Ra3 31. Rxa3 Qxa3 32. Qa1 Qd6 33. Qa7 Rxc6 34. bxc6 Qxc6 35. Qa4 Qc3 36. Rd1 b5 37. Qb3 Qxb3 38. Bxb3 Ne8 39. Rc1 Kh7 40. Rc5 Bxd4 41. Rxb5 Kg7 42. f4 Nd6 43. Kf3 Nxb5 44. Ba4 Nc3 45. Bc2 Kf6 46. h4 Nb5 47. g4 hxg4+ 48. Kxg4 Nd6 49. h5 gxh5+ 50. Kxh5 Be3 51. Kg4 d4 52. Kf3 Nb7 53. Ke4 Nc5+ 54. Kf3 d3 55. Bd1 Bc1 56. Kg4 d2 57. Kf3 e5 58. fxe5+ Kxe5 59. Ke3 Ne4 60. Ke2 Nc3+ 61. Kd3 Nxd1 62. Ke2 Nc3+ 0-1

[Event "1st FIDE OWCCCC Pools-East 2021"]
[Site "Online"]
[Date "2021.02.20"]
[Round "5.36"]
[White "Yastrebova, Olga"]
[Black "Vojtechova, Jana"]
[Result "1-0"]
[WhiteElo "1180"]
[BlackElo "980"]
[Annotator "NA"]
[PlyCount "37"]
[EventDate "2021.02.19"]
[EventType "team-tourn"]
[EventCountry "NET"]
[SourceTitle "playchess.com"]
[Source "ChessBase"]
[SourceQuality "1"]

1. d4 d5 2. Nf3 Nf6 3. Bf4 e6 4. e3 Bd6 5. Bg3 O-O 6. Bd3 c5 7. c3 Nh5 8. Bxd6 Qxd6 9. Ne5 cxd4 10. Qxh5 g6 11. Nxg6 hxg6 12. Qg5 e5 13. h4 dxe3 14. fxe3 e4 15. Be2 Nd7 16. h5 Qf6 17. Qh6 gxh5 18. Qxh5 Ne5 19. Qh7# 1-0

[Event "1st FIDE OWCCCC Pools-East 2021"]
[Site "Online"]
[Date "2021.02.20"]
[Round "5.36"]
[White "Saket K Rao"]
[Black "Schein, Jutta"]
[Result "1-0"]
[WhiteElo "1166"]
[BlackElo "1083"]
[Annotator "NA"]
[PlyCount "47"]
[EventDate "2021.02.19"]
[EventType "team-tourn"]
[EventCountry "NET"]
[SourceTitle "playchess.com"]
[Source "ChessBase"]
[SourceQuality "1"]

1. e4 e5 2. Nf3 Nc6 3. Nc3 Nf6 4. Bc4 Bb4 5. d3 O-O 6. Bd2 Be7 7. O-O h6 8. h3 a6 9. Nh2 d6 10. f4 Nd4 11. f5 c6 12. Nf3 c5 13. Ne2 Bd7 14. c3 Nc6 15. a4 Bc8 16. Ng3 b6 17. Ba2 Bb7 18. Nh2 Qc7 19. Ng4 Nxg4 20. Qxg4 Bf6 21. Bxh6 Ne7 22. Nh5 d5 23. Nxf6+ Kh8 24. Qxg7# 1-0

[Event "1st FIDE OWCCCC Pools-East 2021"]
[Site "Online"]
[Date "2021.02.20"]
[Round "5.36"]
[White "Tartaglia ciampi, Simone"]
[Black "Alikapalli, Viswanatha"]
[Result "0-1"]
[WhiteElo "932"]
[BlackElo "1582"]
[Annotator "NA"]
[PlyCount "68"]
[EventDate "2021.02.19"]
[EventType "team-tourn"]
[EventCountry "NET"]
[SourceTitle "playchess.com"]
[Source "ChessBase"]
[SourceQuality "1"]

1. e4 e6 2. d4 d5 3. exd5 exd5 4. Nc3 Nf6 5. Nf3 Be6 6. Bg5 Nbd7 7. Bb5 c6 8. Ba4 Bd6 9. O-O O-O 10. Bxf6 Nxf6 11. Ng5 Bg4 12. f3 Bh5 13. g4 Bg6 14. h4 h6 15. h5 Nxh5 16. gxh5 Qxg5+ 17. Kf2 Bxh5 18. Qe2 Qh4+ 19. Kg1 Qxd4+ 20. Qf2 Qf6 21. Rfe1 Qg5+ 22. Qg2 Qxg2+ 23. Kxg2 Rae8 24. Rxe8 Rxe8 25. Rh1 Bg6 26. Rg1 b5 27. Bb3 a5 28. a4 b4 29. Nd1 Re2+ 30. Kf1 Rd2 31. Ke1 Rh2 32. c4 d4 33. Rf1 d3 34. f4 d2# 0-1